Green's functions and boundary value problems /
Guardado en:
| Autor Principal: | |
|---|---|
| Formato: | Libro |
| Idioma: | English |
| Publicado: |
New York :
Wiley,
c1979.
|
| Series: | Pure and applied mathematics
|
| Materias: | |
| Acceso en línea: | Contributor biographical information Publisher description Table of contents only |
| Etiquetas: |
Agregar Etiqueta
Sin Etiquetas, Sea el primero en etiquetar este registro!
|
| LEADER | 01148cam a2200289 a 4500 | ||
|---|---|---|---|
| 001 | MAT.inmabb006184 | ||
| 008 | 781201s1979####nyua#####b####001#0#eng## | ||
| 005 | 20130402232000.0 | ||
| 245 | 1 | 0 | |a Green's functions and boundary value problems / |c Ivar Stakgold. |
| 260 | |a New York : |b Wiley, |c c1979. | ||
| 300 | |a xv, 638 p. : |b il. ; |c 24 cm. | ||
| 490 | 0 | |a Pure and applied mathematics | |
| 500 | |a "A Wiley-Interscience publication." | ||
| 504 | |a Incluye referencias bibliográficas e índice. | ||
| 510 | 4 | |a MR, |c 80k:35002 | |
| 020 | |a 0471819670 | ||
| 100 | 1 | |a Stakgold, Ivar. | |
| 650 | 0 | |a Boundary value problems. | |
| 650 | 0 | |a Green's functions. | |
| 650 | 0 | |a Mathematical physics. | |
| 084 | |a 35-02 (00A69 46-01 47-01) |2 msc2000 | ||
| 010 | |a 78027259 | ||
| 040 | |a DLC |c DLC |d DLC | ||
| 856 | 4 | 2 | |3 Contributor biographical information |u http://www.loc.gov/catdir/enhancements/fy0607/78027259-b.html |
| 856 | 4 | 2 | |3 Publisher description |u http://www.loc.gov/catdir/enhancements/fy0607/78027259-d.html |
| 856 | 4 | 1 | |3 Table of contents only |u http://www.loc.gov/catdir/enhancements/fy0607/78027259-t.html |
| 859 | |h 35 |i St782 |p A-5590 |b BIB. MATEMATICA | ||
